=LDR 00000nam 2200000 4500 =001 NUTBA000000000006258 =005 20141127140453.0 =006 =007 =008 =020 ##$$a 979-763-535-X =035 ##$$a 0010-111400000000737 =040 ##$$a NBPDMAT =082 ##$$a 617 =090 ##$$a 617 $b Nur m =100 ##$$a Nurheti Yuliarti =245 ##$$a Menyingkap rahasia penyakit flu burung / $c Nurheti Yuliarti ; editor, Oktaviani Hastu Sudiyarto =260 ##$$a Yogyakarta : $b Andi , $c 2006 =300 ##$$a viii, 76 hlm. ; $c 20 cm. =650 ##$$a Flu Burung =700 ##$$a Oktaviani Hastu Sudiyarto =850 ##$$a NBPDMAT